000 00913 a2200205 4500
999 _c8865
_d8865
020 _a9780199100842
050 0 0 _aQ123 TAY 1994
100 1 _aTaylor, Charles.
245 1 4 _aThe Oxford Children's Book of Science /
_cCharles Taylor & Stephen Pople.
264 _aOxford:
_bOxford University Press,
_c1994.
300 _a192 p. :
_bill. (some col.) ;
500 _aIncludes index.
650 0 _aScience
_xDictionaries, Juvenile.
650 1 _aScience
_xEncyclopedias.
700 1 _aPople, Stephen.
856 4 2 _3Publisher description
_uhttp://www.loc.gov/catdir/enhancements/fy0637/95007013-d.html
856 4 2 _3Contributor biographical information
_uhttp://www.loc.gov/catdir/enhancements/fy0724/95007013-b.html
942 _2lcc
_cBK
_h123
_iTAY
_kQ